दो बहनें : (Record no. 1069508)

MARC details
000 -LEADER
fixed length control field 00977nam a2200289 a 4500
001 - CONTROL NUMBER
control field vtls001619072
003 - CONTROL NUMBER IDENTIFIER
control field NLI
005 - DATE AND TIME OF LATEST TRANSACTION
control field 20210628133950.0
008 - FIXED-LENGTH DATA ELEMENTS--GENERAL INFORMATION
fixed length control field 121214s1957 ii 000 0 ben
039 #9 - LEVEL OF BIBLIOGRAPHIC CONTROL AND CODING DETAIL [OBSOLETE]
-- 201212141936
-- VLOAD
040 ## - CATALOGING SOURCE
Original cataloging agency NLI
Language of cataloging hineng
Transcribing agency Datasoft_Hindi_Child
Description conventions AACR2
041 0# - LANGUAGE CODE
Language code of text/sound track or separate title hin
044 ## - COUNTRY OF PUBLISHING/PRODUCING ENTITY CODE
MARC country code ii
084 ## - OTHER CLASSIFICATION NUMBER
Classification number H Sc
100 0# - MAIN ENTRY--PERSONAL NAME
Linkage 880-01
Personal name प्रेमचन्द
Dates associated with a name 1880 - 1936
9 (RLIN) 702727
245 10 - TITLE STATEMENT
Linkage 880-02
Title दो बहनें :
Remainder of title और अन्य कहानियाँ /
Statement of responsibility, etc. प्रेमचन्द
260 ## - PUBLICATION, DISTRIBUTION, ETC.
Place of publication, distribution, etc. बनारस :
Name of publisher, distributor, etc. सरस्वती प्रेस,
Date of publication, distribution, etc. 1957
300 ## - PHYSICAL DESCRIPTION
Extent 64 p. ;
Dimensions 19 cm.
650 #0 - SUBJECT ADDED ENTRY--TOPICAL TERM
Topical term or geographic name entry element Children's literature
9 (RLIN) 715727
880 ## - ALTERNATE GRAPHIC REPRESENTATION
Linkage 100-01 (B
a Premacand
880 ## - ALTERNATE GRAPHIC REPRESENTATION
Linkage 245-02 (B
a Do bahaneṁ :
b aur anya kahāniyāṁ /
c Premacanda
887 ## - NON-MARC INFORMATION FIELD
Content of non-MARC field
901 ## - LOCAL DATA ELEMENT A, LDA (RLIN)
a 1016
b 16.01.1960
902 ## - LOCAL DATA ELEMENT B, LDB (RLIN)
a H Sc P
949 ## - LOCAL PROCESSING INFORMATION (OCLC)
-- VIRTUAITEM
-- 10000
-- 100
6 CHD000001016HIN
942 ## - ADDED ENTRY ELEMENTS (KOHA)
Source of classification or shelving scheme Dewey Decimal Classification
Koha item type Books
Holdings
Withdrawn status Lost status Damaged status Not for loan Collection code Home library Current library Shelving location Date acquired Total Checkouts Full call number Barcode Date last seen Price effective from Koha item type
          National Library of India National Library of India       H Sc P CHD000001016HIN 28/06/2021 28/06/2021 Books
                                                                           
web counter

Copyright ©2020 The National Library of India, Govt. of India ↔ Hosted by NVLI, MOC ↔ Technology and Design by National Library of India, Ministry of Culture, Govt. of India